National animal #1 - Statistics

General Stats
  • This quiz has been taken 8 times
  • The average score is 6 of 10
Answer Stats
Country Answer % Correct
USA American Bison/Bald Eagle
100%
Iran Asiatic Lion/Persian Leopard
88%
Ethiopia Lion
88%
Australia Red Kangaroo/Kangaroo
88%
India Royal Bengal Tiger/ Tiger
75%
China Giant Panda/ Panda
63%
Indonesia Komodo Dragon
25%
Zimbabwe Sable Antelope
13%
Afghanistan Snow Leopard
13%
Bhutan Takin
13%
No matching quizzes found
Score Distribution
Percent of People with Each Score
Percentile by Number Answered
Your Score History
You have not taken this quiz